|
|
|
|
| LEADER |
00000nam a2200000Ii 4500 |
| 001 |
DIGMARGE0038 |
| 003 |
NyNyDIG |
| 008 |
230426s2008 sp a o 000 f spa d |
| 006 |
m o d |
| 007 |
cr ||||||||||| |
| 035 |
|
|
|a (OCoLC)1379438721
|
| 040 |
|
|
|a DGITA
|b eng
|e rda
|e pn
|c DGITA
|
| 020 |
|
|
|a 9788418532023
|q eBook
|
| 020 |
|
|
|z 9788492442188
|
| 050 |
1 |
4 |
|a PC3942.25.L35 ebook
|
| 100 |
1 |
|
|a Olcina i Aya, Emili,
|e author.
|
| 245 |
1 |
0 |
|a Drácula /
|c Bram Stoker ; adaptación de Emili Olcina.
|
| 264 |
|
1 |
|a Barcelona :
|b Marge Books,
|c [2008]
|
| 300 |
|
|
|a 1 online resource :
|b illustrations.
|
| 336 |
|
|
|a text
|b txt
|2 rdacontent
|
| 337 |
|
|
|a computer
|b c
|2 rdamedia
|
| 338 |
|
|
|a online resource
|b cr
|2 rdacarrier
|
| 347 |
|
|
|a text file
|2 rdaft
|
| 347 |
|
|
|b PDF
|
| 490 |
1 |
|
|a Colección Ursa maior
|
| 588 |
0 |
|
|a Online resource; title from PDF title page (Digitalia, viewed April 26, 2023)
|
| 650 |
|
0 |
|a Vampires
|v Fiction.
|
| 651 |
|
0 |
|a Transylvania (Romania)
|v Fiction.
|
| 655 |
|
7 |
|a Novels.
|2 lcgft
|
| 700 |
1 |
|
|a Stoker, Bram,
|d 1847-1912.
|t Drácula.
|
| 791 |
2 |
|
|a Digitalia (Firm),
|e distributor.
|
| 793 |
0 |
|
|g Digitalia eBook Collection:
|a Marge Books
|
| 776 |
0 |
8 |
|i Print version:
|a Olcina i Aya, Emili.
|t Drácula.
|b 1a edición, 1a reimpresión, 2011.
|d Barcelona : Marge Books, [2008]
|z 9788492442188
|
| 830 |
|
0 |
|a Ursa maior.
|
| 856 |
4 |
0 |
|3 Digitalia Hispánica
|u https://www.digitaliapublishing.com/a/125891/
|
| 910 |
|
|
|a Premium collection: 2023
|